Categories from just S-P-O-R-C-L-E Quiz Stats

Quiz Updated Jul 14, 2016

Challenge
Share
Tweet
Embed
Score 0/60 Timer 09:00
2 Plays Today
% Correct
Greece
95.7%
Othello
92%
Spain
91.8%
Portugal
91.6%
Roosevelt
90.3%
Czechia
88.9%
Pierce
88.7%
Steelers
87.2%
Eisenhower
86.6%
Monroe
86.1%
Romeo and Juliet
85.8%
Cleveland
85%
Colts
84.4%
Pericles
82.6%
Coolidge
80.7%
Broncos
80.5%
US Presidents
80.4%
Schindler's List
78.8%
Buccaneers
78.5%
European Countries
77.2%
NFL Teams
76.6%
Eagles
76.1%
Shakespeare Plays
76%
Jefferson
75.2%
Rocky
74.9%
Oliver!
73.8%
France
70.3%
Falcons
69.2%
Liechtenstein
69%
Harrison
68.7%
% Correct
King Lear
68.1%
Ordinary People
68%
Platoon
67.6%
Phosphorus
66.4%
Clinton
64.9%
Forrest Gump
64.3%
Patriots
63.4%
Best Picture
60.6%
Calcium
59.4%
Sweden
59.2%
Chemical Elements
58.5%
Andorra
58.4%
Redskins
55.3%
Iceland
53.2%
Ravens
50.5%
All About Eve
49.7%
The Tempest
48.6%
Carbon
47.5%
As You Like It
42.6%
Cobalt
39.7%
Osmium
30.6%
Richard III
26.1%
Coriolanus
20.5%
Chicago
20.3%
Rutherfordium
19%
Cymbeline
12.6%
Dysprosium
12%
Krypton
11.6%
Seaborgium
10.9%
Cavalcade
10.8%

You're not logged in!

Compare scores with friends on all Sporcle quizzes.
Join for Free
OR
Log In

You Might Also Like...

Show Comments

Extras

Top Quizzes Today


Score Distribution

Your Account Isn't Verified!

In order to create a playlist on Sporcle, you need to verify the email address you used during registration. Go to your Sporcle Settings to finish the process.

Report this User

Report this user for behavior that violates our Community Guidelines.

Details: